LEADER 01578nam--2200421---450- 001 990001771460203316 005 20091116122649.0 010 $a88-14-10577-4 035 $a000177146 035 $aUSA01000177146 035 $a(ALEPH)000177146USA01 035 $a000177146 100 $a20040618d2003----km-y0enga50------ba 101 0 $aita 102 $aIT 105 $ay|||z|||001yy 200 1 $a"Legalità" e "tipicità del reato" nello statuto della Corte penale internazionale$fMauro Catenacci 210 $aMilano$cA. Giuffrè$d2003 215 $aXII, 227 p.$d24 cm 225 2 $aCollana di Facoltà$fUniversità degli studi di Teramo, Facoltà di giurisprudenza$hN.s.$v15 410 0$12001$aCollana di Facoltà. N.S.$fUniversità degli studi di Teramo, Facoltà di giurisprudenza$hN.s.$v15 606 0 $aCorte penale internazionale$xStatuto 676 $a341.77 700 1$aCATENACCI,$bMauro$0268272 801 0$aIT$bsalbc$gISBD 912 $a990001771460203316 951 $aXXIII.1.L. 437 (IG VIII 9 109)$b40918 G.$cXXIII.1.L. 437 (IG VIII)$d00133521 959 $aBK 969 $aGIU 979 $aACQUISTI$b10$c20040618$lUSA01$h1248 979 $aRENATO$b90$c20040720$lUSA01$h1245 979 $aRENATO$b90$c20040720$lUSA01$h1248 979 $aRSIAV4$b90$c20091116$lUSA01$h1226 979 $aCHIARA$b90$c20100507$lUSA01$h1042 979 $aCHIARA$b90$c20100507$lUSA01$h1045 979 $aCHIARA$b90$c20100507$lUSA01$h1046 996 $aLegalità e tipicità del reato nello statuto della Corte penale internazionale$9747868 997 $aUNISA LEADER 00952nam0 22002771i 450 001 PUV0942422 005 20231121125620.0 010 $a0074517899 100 $a20141209d1985 ||||0itac50 ba 101 | $aeng 102 $ain 181 1$6z01$ai $bxxxe 182 1$6z01$an 200 1 $aElectric machines$fI. J. Nagrath, D. P. Kothari 210 $aNew Delhi$cTata McGraw-Hill$dc1985 215 $aXX, 680 p.$cill.$d24 cm. 700 1$aNagrath$b, I. J.$3UFIV000176$4070$025589 701 1$aKothari$b, D. P.$3UFIV054469$4070$025590 801 3$aIT$bIT-01$c20141209 850 $aIT-FR0099 899 $aBiblioteca Area Ingegneristica$bFR0099 912 $aPUV0942422 950 0$aBiblioteca Area Ingegneristica$d 54INGFA 621.31 NAG$e 54VM 0000351005 VM barcode:BAIN002925. - Inventario:466VM$fA $h20030916$i20121204 977 $a 54 996 $aElectric machines$93614621 997 $aUNICAS